00324nam a2200121Ia 4500003000400000008004100004020002500045040000800070100002500078245004900103260004000152300001000192LDD181101s9999 xx 000 0 und d a9788175876330c57.00 cLDD aAbidi, Rafia Shabnam 0aAli Sardar Jafri NumbercRafia Shabnam Abidi aNew DelhibMaktaba Jamia Ltd.c2011 a128p.